| 000 | 02630nam0a2200433 4500 | ||
|---|---|---|---|
| 001 | RU\NLR\BIBL_A\012894904 | ||
| 005 | 20221028125156.0 | ||
| 010 |
_a978-5-9704-7093-0 _91000 |
||
| 021 |
_aRU _bКН-П-22-049674 _9КН-П-22-4309 |
||
| 035 | _a(NLR Aleph) 012894904 | ||
| 090 |
_a12562528 _c12562528 |
||
| 100 | _a20220923d2022 u y0rusy50 ca | ||
| 101 | 0 | _arus | |
| 102 | _aRU | ||
| 105 | _aa z 000zy | ||
| 181 | 0 |
_ai _baxxe |
|
| 182 | 0 | _an | |
| 200 | 1 |
_aВоенно-полевая хирургия _eучебник _e[для медицинских вузов _fАнтипенко В. С., доктор медицинских наук, профессор, Бадалов В. И., кандидат медицинских наук, преподаватель, Бойко, доктор медицинских наук, профессор и др.] _gпод редакцией Е. К. Гуманенко _g[Военно-медицинская академия им. С. М. Кирова, Кафедра военно-полевой хирургии] |
|
| 203 |
_aТекст _bвизуальный _cнепосредственный |
||
| 205 | _a2-е изд., перераб. и доп. | ||
| 210 |
_aМосква _cГЭОТАР-Медиа _d2022 |
||
| 215 |
_a[4], 763 с., [24] л. цв. ил. _cил. _d22 |
||
| 320 | _aБиблиогр.: с. 750 (17 назв.) | ||
| 320 | _aИмен. мед. указ.: с. 751-763 | ||
| 320 | _aАвт. указаны на [3]-й с. | ||
| 606 | 1 |
_aВоенно-полевая хирургия _jУчебники для высших учебных заведений _2nlr_sh1 _2nlr_sh2 _3RU\NLR\AUTH\666085 |
|
| 675 |
_a355.72:617(075.8) _v4 |
||
| 686 | 1 | _aР45,9я73-1 | |
| 701 | 1 |
_aАнтипенко _bВ. С. _gВиктор Степанович |
|
| 701 | 1 |
_aБадалов _bВ. И. _gВадим Измайлович |
|
| 701 | 1 |
_aБойко _bЭ. В. _cд-р мед. наук _f1962- _gЭрнест Витальевич _3RU\NLR\AUTH\770144739 |
|
| 702 | 1 |
_aГуманенко _bЕ. К. _f1952- _gЕвгений Константинович _3RU\NLR\AUTH\770248189 _4340 |
|
| 712 | 0 | 2 |
_aВоенно-медицинская академия им. С. М. Кирова _cСанкт-Петербург _bКафедра военно-полевой хирургии _3RU\NLR\AUTH\880383755 _4570 |
| 942 | _cBOOK | ||
| 980 | _aNB | ||